| 000 | 00911nam a2200253 i 4500 | ||
|---|---|---|---|
| 001 | 110694 | ||
| 003 | ES-MaACL | ||
| 005 | 20250924165245.0 | ||
| 007 | t| | ||
| 008 | 070119s1986 sp ||||1| spa d | ||
| 080 | _a159.9 Freud, Sigmund | ||
| 080 | _a159.9 Jung, C. G | ||
| 100 | 1 |
_aVázquez Fernández, Antonio. _9113439 |
|
| 245 | 1 | 0 |
_aFreud y Jung _b: exploradores del inconsciente / _cAntonio Vázquez Fernández ; prólogo de Luis S. Granjel. |
| 260 |
_aMadrid : _bCincel, _c1986. |
||
| 300 |
_a232 p. ; _c19 cm. |
||
| 490 | 1 |
_aHistoria de la filosofía ; _v23 |
|
| 504 | _aBibliografia: p. 229-232. Indice. | ||
| 600 | 1 | 4 |
_aFreud, Sigmund, _d1856-1939- _xCrítica e interpretación _952549 |
| 600 | 1 | 4 |
_aJung, Carl G., _d1875-1961- _xCrítica e interpretación _967284 |
| 830 | 0 |
_aHistoria de la filosofía ; _v23 _9181726 |
|
| 852 |
_aES-MaACL _jL-15590 |
||
| 999 |
_c110694 _d110694 |
||